[Event "Catalunya-chT Gp2"]
[Site "Barcelona"]
[Date "2024.01.27"]
[Round "2.10"]
[White "Martin Gonzalez, Angel"]
[Black "Chigaeva, Anastasia"]
[Result "1-0"]
[WhiteElo "2195"]
[BlackElo "2106"]
[PlyCount "51"]
[EventDate "2024.01.20"]
[EventType "team-tourn"]
[EventRounds "7"]
[EventCountry "ESP"]
[SourceTitle "CB06_2024"]
[SourceDate "2024.02.07"]
[SourceVersion "1"]
[SourceVersionDate "2024.02.07"]
[SourceQuality "1"]
[WhiteTeam "Barcelona Escacs CC"]
[BlackTeam "Platja D'Aro"]
[WhiteTeamCountry "ESP"]
[BlackTeamCountry "ESP"]

1. e4 e6 2. d4 d5 3. Nd2 c5 4. c3 cxd4 5. cxd4 dxe4 6. Nxe4 Bb4+ 7. Nc3 Nc6 8. Nf3 Nf6 9. Bd3 0-0 10. 0-0 b6 11. Re1 Bb7 12. a3 Be7 13. Bc2 Rc8 14. Qd3 h6 15. Bf4 Re8 16. Rad1 a6 17. Ne5 Nxe5 18. Bxe5 Bd6 19. Bxf6 Qxf6 20. d5 Bc5 21. Qh7+ Kf8 22. Ne4 Qxb2 23. Nxc5 Rxc5 24. dxe6 fxe6 25. Rd7 Re7 26. Rd8+ 1-0

[Event "Iberoamerican-ch Rapid"]
[Site "Sant Boi"]
[Date "2023.12.09"]
[Round "2"]
[White "Henriquez Villagra, Cristobal"]
[Black "Martin Gonzalez, Angel"]
[Result "1-0"]
[WhiteElo "2607"]
[BlackElo "2191"]
[PlyCount "83"]
[EventDate "2023.12.09"]
[EventType "swiss (rapid)"]
[EventRounds "9"]
[EventCountry "ESP"]
[SourceTitle "CB50_2023"]
[SourceDate "2023.12.13"]
[SourceVersion "1"]
[SourceVersionDate "2023.12.13"]
[SourceQuality "1"]

1. e4 c5 2. Nf3 d6 3. Bb5+ Nd7 4. a4 Ngf6 5. Nc3 g6 6. a5 Bg7 7. 0-0 0-0 8. d3 a6 9. Bc4 b5 10. axb6 Nxb6 11. Bb3 Bb7 12. Re1 Qc7 13. Ra3 c4 14. Ba2 cxd3 15. cxd3 d5 16. e5 Nfd7 17. Be3 Rab8 18. Bd4 Nc5 19. Qd2 Ne6 20. Bxb6 Qxb6 21. Bxd5 Nd4 22. Nxd4 Bxd5 23. Nxd5 Qxd4 24. Nxe7+ Kh8 25. Nc6 Qxb2 26. Qxb2 Rxb2 27. Rxa6 Re8 28. g3 Bf8 29. d4 Bb4 30. Rb6 Bxe1 31. Rxb2 Bc3 32. Rc2 Bxd4 33. Nxd4 Rxe5 34. Rc7 Kg8 35. f4 Rd5 36. Nf3 Rf5 37. Kf2 h6 38. Ke3 Rf6 39. Ke4 h5 40. Ne5 Kg7 41. h3 Rf5 42. Rc6 1-0

[Event "Barcelona IM 13th"]
[Site "Barcelona"]
[Date "2021.04.11"]
[Round "7"]
[White "Martin Gonzalez, Angel"]
[Black "Martinez Fernandez, Adrian"]
[Result "0-1"]
[WhiteElo "2291"]
[BlackElo "2369"]
[PlyCount "78"]
[EventDate "2021.04.05"]
[EventType "tourn"]
[EventRounds "9"]
[EventCountry "ESP"]
[EventCategory "2"]
[SourceTitle "CBM 202 Extra"]
[Source "ChessBase"]
[SourceDate "2021.07.31"]
[SourceVersion "1"]
[SourceVersionDate "2021.07.31"]
[SourceQuality "1"]

1. e4 c5 2. Nf3 d6 3. d4 cxd4 4. Nxd4 Nf6 5. Nc3 a6 6. Bg5 Nbd7 7. Bc4 Qb6 8. Bb3 e6 9. Qd2 Nc5 10. f3 Be7 11. 0-0-0 Qc7 12. Kb1 Rb8 13. g4 b5 14. a3 Bd7 15. Rhe1 0-0 16. h4 a5 17. Bxf6 Bxf6 18. g5 Be7 19. Nd5 exd5 20. Bxd5 b4 21. f4 bxa3 22. b3 Na4 23. Re3 Rfc8 24. Ka1 Nc3 25. Rg1 Nxd5 26. exd5 Bf8 27. f5 a4 28. h5 axb3 29. cxb3 Qc5 30. h6 Rb4 31. Rd1 Qxd4+ 32. Qxd4 Rxd4 33. Rxd4 Bxf5 34. Rc4 Rxc4 35. bxc4 gxh6 36. gxh6 Bxh6 37. Re8+ Kg7 38. c5 dxc5 39. d6 Be6 0-1

[Event "Barcelona IM 13th"]
[Site "Barcelona"]
[Date "2021.04.10"]
[Round "6"]
[White "Martin Barcelo, Carles"]
[Black "Martin Gonzalez, Angel"]
[Result "1/2-1/2"]
[WhiteElo "2201"]
[BlackElo "2291"]
[PlyCount "56"]
[EventDate "2021.04.05"]
[EventType "tourn"]
[EventRounds "9"]
[EventCountry "ESP"]
[EventCategory "2"]
[SourceTitle "CBM 202 Extra"]
[Source "ChessBase"]
[SourceDate "2021.07.31"]
[SourceVersion "1"]
[SourceVersionDate "2021.07.31"]
[SourceQuality "1"]

1. e4 c5 2. Nf3 d6 3. Bb5+ Nd7 4. d4 Ngf6 5. 0-0 a6 6. Bxd7+ Nxd7 7. Nc3 e6 8. dxc5 Nxc5 9. Bf4 b5 10. b4 Nb7 11. Bg5 Be7 12. Bxe7 Qxe7 13. a4 bxa4 14. Nxa4 Qc7 15. Qd4 0-0 16. Nb6 Rb8 17. Rfc1 a5 18. bxa5 Nxa5 19. Rxa5 Qxb6 20. Qxb6 Rxb6 21. e5 Bb7 22. Nd4 Rc8 23. Rb5 Rxb5 24. Nxb5 Rc5 25. Nxd6 Bc6 26. f4 g5 27. g3 gxf4 28. gxf4 Rc3 1/2-1/2

[Event "Barcelona IM 13th"]
[Site "Barcelona"]
[Date "2021.04.09"]
[Round "5"]
[White "Martin Gonzalez, Angel"]
[Black "Munoz Pantoja, Miguel Angel"]
[Result "1/2-1/2"]
[WhiteElo "2291"]
[BlackElo "2462"]
[PlyCount "86"]
[EventDate "2021.04.05"]
[EventType "tourn"]
[EventRounds "9"]
[EventCountry "ESP"]
[EventCategory "2"]
[SourceTitle "CBM 202 Extra"]
[Source "ChessBase"]
[SourceDate "2021.07.31"]
[SourceVersion "1"]
[SourceVersionDate "2021.07.31"]
[SourceQuality "1"]

1. e4 d5 2. exd5 Qxd5 3. Nc3 Qa5 4. d4 Nf6 5. Nf3 Bg4 6. h3 Bxf3 7. Qxf3 c6 8. Bd2 Nbd7 9. 0-0-0 e6 10. Bc4 Bb4 11. a3 Bxc3 12. Bxc3 Qc7 13. g4 Nd5 14. Bd2 b5 15. Bb3 a5 16. h4 N7b6 17. h5 b4 18. a4 h6 19. g5 hxg5 20. Bxg5 f6 21. Bd2 0-0-0 22. Qe2 Rhe8 23. Qa6+ Kd7 24. Rdg1 Re7 25. Kb1 Ra8 26. Qd3 Kc8 27. Rg4 Kb7 28. Qf3 Rd8 29. Rhg1 Rdd7 30. Re4 c5 31. dxc5 Qxc5 32. Be3 Qc6 33. Bxb6 Nxb6 34. Qe2 e5 35. f4 Nxa4 36. Bxa4 Qxa4 37. fxe5 Qc6 38. e6 Rd6 39. Re1 Qd5 40. b3 Qc6 41. Qe3 Qd5 42. Qe2 Qc6 43. Qe3 Qd5 1/2-1/2

[Event "Barcelona IM 13th"]
[Site "Barcelona"]
[Date "2021.04.07"]
[Round "3"]
[White "Martin Gonzalez, Angel"]
[Black "Asis Gargatagli, Hipolito"]
[Result "0-1"]
[WhiteElo "2291"]
[BlackElo "2454"]
[PlyCount "58"]
[EventDate "2021.04.05"]
[EventType "tourn"]
[EventRounds "9"]
[EventCountry "ESP"]
[EventCategory "2"]
[SourceTitle "EXT 2022"]
[Source "ChessBase"]
[SourceDate "2021.10.06"]
[SourceVersion "1"]
[SourceVersionDate "2021.10.06"]
[SourceQuality "1"]

1. e4 e5 2. Nf3 Nc6 3. Bc4 Nf6 4. Ng5 d5 5. exd5 Na5 6. Bb5+ c6 7. dxc6 bxc6 8. Bd3 Nd5 9. Nf3 Bd6 10. 0-0 0-0 11. Re1 f5 12. Nxe5 Qf6 13. Nc4 Nxc4 14. Bxc4 Qh4 15. Bxd5+ cxd5 16. g3 Qh3 17. Qf3 f4 18. Qxd5+ Kh8 19. Qg2 Qxg2+ 20. Kxg2 Bb7+ 21. Kf1 fxg3 22. hxg3 Bxg3 23. Re2 Rf5 24. d3 Raf8 25. Be3 Rh5 26. Re1 Rh2 27. Bc5 Rh1+ 28. Ke2 Re8+ 29. Be3 Rxe3+ 0-1

[Event "Barcelona IM 02"]
[Site "Barcelona"]
[Date "2021.02.20"]
[Round "5"]
[White "Martin Gonzalez, Angel"]
[Black "Eizaguerri Floris, Maria"]
[Result "1/2-1/2"]
[WhiteElo "2291"]
[BlackElo "2247"]
[PlyCount "142"]
[EventDate "2021.02.16"]
[EventType "tourn"]
[EventRounds "9"]
[EventCountry "ESP"]
[SourceTitle "CBM 200 Extra"]
[Source "ChessBase"]
[SourceDate "2021.03.31"]
[SourceVersion "1"]
[SourceVersionDate "2021.03.31"]
[SourceQuality "1"]

1. e4 c5 2. Nf3 d6 3. d4 cxd4 4. Nxd4 Nf6 5. Nc3 a6 6. Bg5 e6 7. f4 h6 8. Bh4 Qb6 9. Qd2 Qxb2 10. Rb1 Qa3 11. f5 Be7 12. fxe6 fxe6 13. Bc4 Nxe4 14. Nxe4 Bxh4+ 15. g3 Bg5 16. Nxg5 hxg5 17. Rb3 Qc5 18. Rc3 Nc6 19. Nxe6 Bxe6 20. Bxe6 Qd4 21. Qxd4 Nxd4 22. Bd5 Kd7 23. Bxb7 Rab8 24. Bg2 Rb1+ 25. Kf2 Rb2 26. Be4 Rxa2 27. Rc4 Rf8+ 28. Kg2 Nf5 29. Re1 Ne7 30. Rb4 Rc8 31. Bd3 Rc7 32. Kh3 Nc6 33. Bf5+ Kd8 34. Rb6 g4+ 35. Bxg4 Rxc2 36. Rxa6 Ra7 37. Rxa7 Nxa7 38. Re6 Nb5 39. Rg6 Rc7 40. Be2 Nc3 41. Rxd6+ Ke7 42. Rd2 Nxe2 43. Rxe2+ Kf6 44. Rf2+ Kg6 45. Kh4 Rc4+ 46. g4 Rc3 47. Ra2 Rc6 48. Ra4 Rc2 49. h3 Rc3 50. Ra6+ Kh7 51. g5 Rc4+ 52. Kh5 Rc5 53. h4 Rb5 54. Re6 Rc5 55. Re4 g6+ 56. Kg4 Rc7 57. Kf4 Kg7 58. Ke5 Ra7 59. Rd4 Kf7 60. Rf4+ Kg7 61. Rc4 Kf7 62. Rc6 Ra5+ 63. Kd6 Ra4 64. Rc7+ Kg8 65. Ke6 Rxh4 66. Kf6 Ra4 67. Rg7+ Kh8 68. Re7 Kg8 69. Kxg6 Ra6+ 70. Kf5 Kf8 71. Re6 Rxe6 1/2-1/2

[Event "Barcelona IM 02"]
[Site "Barcelona"]
[Date "2021.02.16"]
[Round "1"]
[White "Villar Reymundo, Juan Antonio"]
[Black "Martin Gonzalez, Angel"]
[Result "0-1"]
[WhiteElo "2145"]
[BlackElo "2291"]
[PlyCount "96"]
[EventDate "2021.02.16"]
[EventType "tourn"]
[EventRounds "9"]
[EventCountry "ESP"]
[SourceTitle "CBM 200 Extra"]
[Source "ChessBase"]
[SourceDate "2021.03.31"]
[SourceVersion "1"]
[SourceVersionDate "2021.03.31"]
[SourceQuality "1"]

1. d4 Nf6 2. c4 c5 3. d5 e6 4. Nc3 exd5 5. cxd5 d6 6. Nf3 g6 7. Bf4 a6 8. a4 Bg7 9. h3 0-0 10. e3 Qe7 11. Be2 Nbd7 12. 0-0 Rb8 13. Bh2 Ne8 14. e4 Nc7 15. a5 b5 16. axb6 Rxb6 17. Qc2 Rb4 18. Rfe1 Ne5 19. Nd2 Nb5 20. Nxb5 axb5 21. Rab1 g5 22. Bxe5 Qxe5 23. Nf3 Qf4 24. b3 h6 25. Rbd1 Bd7 26. e5 dxe5 27. Qxc5 Rxb3 28. Qe7 e4 29. Qxd7 exf3 30. Bxf3 Be5 31. Rxe5 Qxe5 32. d6 Rb2 33. Qe7 Qc5 34. Qxf8+ Kxf8 35. d7 Qxf2+ 36. Kh1 Rd2 37. d8Q+ Rxd8 38. Rxd8+ Ke7 39. Rd1 b4 40. Bd5 f5 41. Bb3 f4 42. Bd5 Qc2 43. Re1+ Kd6 44. Be4 Qd2 45. Rb1 b3 46. Kh2 b2 47. Rg1 Qe2 48. Bf3 Qc2 0-1

[Event "Barcelona IM"]
[Site "Barcelona"]
[Date "2021.02.13"]
[Round "7"]
[White "Martin Gonzalez, Angel"]
[Black "Martin Barcelo, Carles"]
[Result "0-1"]
[WhiteElo "2291"]
[BlackElo "2211"]
[PlyCount "94"]
[EventDate "2021.02.07"]
[EventType "tourn"]
[EventRounds "9"]
[EventCountry "ESP"]
[EventCategory "2"]
[SourceTitle "CBM 200 Extra"]
[Source "ChessBase"]
[SourceDate "2021.03.31"]
[SourceVersion "1"]
[SourceVersionDate "2021.03.31"]
[SourceQuality "1"]

1. e4 e6 2. d4 d5 3. Nc3 Nf6 4. Bg5 dxe4 5. Nxe4 Be7 6. Bxf6 gxf6 7. Nf3 f5 8. Ng3 c5 9. Bb5+ Nc6 10. Qd2 cxd4 11. 0-0-0 Qd5 12. Nxd4 Bd7 13. c4 Qxd4 14. Qxd4 Nxd4 15. Bxd7+ Kxd7 16. Rxd4+ Kc6 17. Rhd1 Rad8 18. Rxd8 Rxd8 19. Rxd8 Bxd8 20. Kd2 Kc5 21. Kd3 Bf6 22. b3 Kb4 23. Kc2 Ka3 24. Kb1 a5 25. Nf1 a4 26. bxa4 Kxa4 27. Nd2 Bd4 28. f3 Kb4 29. Kc2 Be3 30. Nb3 Kxc4 31. Na5+ Kd5 32. Kd3 Bb6 33. Nc4 Bg1 34. h3 f4 35. a4 e5 36. Na5 b6 37. Nb3 f5 38. a5 e4+ 39. Ke2 b5 40. a6 Bb6 41. Nd2 Kd4 42. Nb3+ Kc3 43. Na5 b4 44. Nc6 b3 45. a7 Bxa7 46. Nxa7 b2 47. Nb5+ Kb4 0-1

[Event "Barcelona IM"]
[Site "Barcelona"]
[Date "2021.02.10"]
[Round "4"]
[White "Perez Mitjans, Orelvis"]
[Black "Martin Gonzalez, Angel"]
[Result "0-1"]
[WhiteElo "2419"]
[BlackElo "2291"]
[PlyCount "80"]
[EventDate "2021.02.07"]
[EventType "tourn"]
[EventRounds "9"]
[EventCountry "ESP"]
[EventCategory "2"]
[SourceTitle "CBM 200 Extra"]
[Source "ChessBase"]
[SourceDate "2021.03.31"]
[SourceVersion "1"]
[SourceVersionDate "2021.03.31"]
[SourceQuality "1"]

1. e4 c5 2. Nf3 d6 3. Bb5+ Bd7 4. a4 Nc6 5. 0-0 Nf6 6. Re1 a6 7. Bf1 g6 8. c3 Bg7 9. h3 e5 10. d4 cxd4 11. cxd4 exd4 12. Nxd4 0-0 13. Nc3 Nxd4 14. Qxd4 Nxe4 15. Qb4 Nxc3 16. bxc3 a5 17. Qxd6 Bxc3 18. Bh6 Bxa4 19. Qf4 Re8 20. Rec1 Bxa1 21. Rxa1 Bb3 22. Rc1 Qe7 23. Qg3 a4 24. Rc7 Qe5 25. Bf4 Qe1 26. Rc1 Qe4 27. Bh6 Qe5 28. Bf4 Qb2 29. Bb5 Rac8 30. Bxe8 Rxc1+ 31. Kh2 Re1 32. Bb5 Re4 33. Bd6 h5 34. Qg5 Qxf2 35. Bd3 Qe3 36. Qd8+ Re8 37. Qd7 Qe6 38. Qc7 Bd5 39. Bf4 Bxg2 40. Kxg2 Qd5+ 0-1

[Event "Barcelona GM 08"]
[Site "Barcelona"]
[Date "2020.08.17"]
[Round "7"]
[White "Martin Gonzalez, Angel"]
[Black "Plazuelo Pascual, Juan"]
[Result "0-1"]
[WhiteElo "2314"]
[BlackElo "2448"]
[PlyCount "110"]
[EventDate "2020.08.11"]
[EventType "tourn"]
[EventRounds "9"]
[EventCountry "ESP"]
[EventCategory "8"]
[SourceTitle "CBM 197 Extra"]
[Source "ChessBase"]
[SourceDate "2020.09.30"]
[SourceVersion "1"]
[SourceVersionDate "2020.09.30"]
[SourceQuality "1"]

1. e4 c5 2. Nf3 e6 3. Nc3 Nc6 4. d4 cxd4 5. Nxd4 Qc7 6. Be3 a6 7. Bd3 Nf6 8. 0-0 b5 9. a3 Bb7 10. Nb3 Ne5 11. f4 Nc4 12. Bd4 Nxb2 13. Nxb5 axb5 14. Bxb2 Nxe4 15. Qe2 Nc3 16. Qe1 Na4 17. Bd4 Nc5 18. Qc3 Qc6 19. Rf2 Nxd3 20. Qxd3 f6 21. Bc3 Ra4 22. Na5 Rxa5 23. Bxa5 Bc5 24. Qg3 0-0 25. Bb4 Bxf2+ 26. Qxf2 Rc8 27. c3 Qe4 28. Rd1 Rc4 29. Rxd7 Qb1+ 30. Qf1 Qxf1+ 31. Kxf1 Rxf4+ 32. Kg1 Bd5 33. Rd8+ Kf7 34. Rd7+ Kg6 35. Bf8 Kf5 36. Rxg7 h5 37. Bc5 h4 38. g3 Rc4 39. Be7 e5 40. Bb4 h3 41. Rh7 Bg2 42. Kf2 Rc8 43. Rd7 Ke4 44. Rd6 f5 45. Rb6 Re8 46. Rd6 Rg8 47. Rb6 Bf3 48. Rxb5 f4 49. Bd6 fxg3+ 50. Kg1 g2 51. Rxe5+ Kd3 52. Bc5 Be4 53. Rh5 Kc4 54. Bf2 Rb8 55. Be1 Rb1 0-1

[Event "Catalunya-chT Gp2"]
[Site "Barcelona"]
[Date "2020.02.01"]
[Round "3.3"]
[White "Martin Gonzalez, Angel"]
[Black "Valenzuela Gomez, Fernando Alberto"]
[Result "1-0"]
[WhiteElo "2319"]
[BlackElo "2335"]
[PlyCount "75"]
[EventDate "2020.01.18"]
[EventType "team-tourn"]
[EventRounds "7"]
[EventCountry "ESP"]
[SourceTitle "CBM 194 Extra"]
[Source "ChessBase"]
[SourceDate "2020.03.31"]
[SourceVersion "1"]
[SourceVersionDate "2020.03.31"]
[SourceQuality "1"]
[WhiteTeam "Barcelona Escacs CC"]
[BlackTeam "Valls"]
[WhiteTeamCountry "ESP"]
[BlackTeamCountry "ESP"]

1. e4 c5 2. Nf3 d6 3. d4 cxd4 4. Nxd4 Nf6 5. Nc3 a6 6. Bc4 e6 7. Bb3 Nbd7 8. f4 Nc5 9. e5 dxe5 10. fxe5 Nxb3 11. axb3 Nd5 12. 0-0 Nxc3 13. bxc3 Qc7 14. Qf3 Bc5 15. Qg3 0-0 16. Bg5 Kh8 17. Rae1 Bd7 18. Qh4 Rac8 19. Re3 Bxd4 20. Qxd4 Be8 21. Qh4 Qb6 22. Kh1 f5 23. exf6 Kg8 24. Rff3 Qa5 25. h3 Bc6 26. Rg3 Rf7 27. Rxe6 Qf5 28. Re7 Rxe7 29. fxe7 Be4 30. Bf6 g6 31. Bd4 h5 32. Rg5 Qf1+ 33. Kh2 Bxc2 34. Qg3 Qf7 35. Rxh5 Qe6 36. Rh8+ Kf7 37. Rxc8 Qxc8 38. Qe5 1-0

[Event "Barcelona June IM"]
[Site "Barcelona"]
[Date "2019.06.17"]
[Round "5"]
[White "Rodriguez Alvarez, Vidal Hely"]
[Black "Martin Gonzalez, Angel"]
[Result "0-1"]
[WhiteElo "2289"]
[BlackElo "2340"]
[PlyCount "122"]
[EventDate "2019.06.11"]
[EventType "tourn"]
[EventRounds "9"]
[EventCountry "ESP"]
[EventCategory "3"]
[SourceTitle "CBM 191 Extra"]
[Source "ChessBase"]
[SourceDate "2019.09.30"]
[SourceVersion "1"]
[SourceVersionDate "2019.09.30"]
[SourceQuality "1"]

1. Nf3 g6 2. e4 c5 3. c4 Bg7 4. d4 Qa5+ 5. Bd2 Qb6 6. Bc3 cxd4 7. Nxd4 Nf6 8. Nd2 Nc6 9. Nc2 d6 10. Be2 0-0 11. 0-0 Rd8 12. Re1 e6 13. Ne3 a5 14. Bf1 a4 15. b4 axb3 16. axb3 Rxa1 17. Qxa1 Nh5 18. Bxg7 Nxg7 19. Qa3 Qc5 20. Ra1 Ne8 21. Qb2 Qe5 22. Qb1 Nf6 23. Ra4 b6 24. Nf3 Qh5 25. h3 Ne5 26. Nd4 Bb7 27. f3 Nc6 28. Nb5 Qc5 29. Qe1 d5 30. b4 Qe7 31. exd5 exd5 32. Nc2 Qd7 33. cxd5 Nxd5 34. Qf2 Qe7 35. Bc4 Nf4 36. Ncd4 Ne5 37. Bf1 Qg5 38. Kh2 Nh5 39. g3 Qf6 40. Bg2 Nc6 41. Nxc6 Qxc6 42. Ra7 Rd3 43. Nd4 Qd5 44. Qe2 Rxd4 45. Rxb7 Rd2 46. Rb8+ Kg7 47. Qe8 Qd6 48. Qh8+ Kh6 49. Qf8+ Qxf8 50. Rxf8 f5 51. f4 Rb2 52. h4 Rxb4 53. Bf3 Kg7 54. Rb8 Nf6 55. Rb7+ Kh6 56. Bc6 Rb2+ 57. Kg1 Nh5 58. Bd5 Nxg3 59. Bg8 Kh5 60. Bxh7 Kxh4 61. Rc7 Kh3 0-1

[Event "Catalunya-chT Gp2"]
[Site "Barcelona"]
[Date "2019.02.23"]
[Round "6.2"]
[White "Asis Gargatagli, Hipolito"]
[Black "Martin Gonzalez, Angel"]
[Result "0-1"]
[WhiteElo "2529"]
[BlackElo "2336"]
[PlyCount "60"]
[EventDate "2019.01.19"]
[EventType "team-tourn"]
[EventRounds "7"]
[EventCountry "ESP"]
[SourceTitle "CBM 189 Extra"]
[Source "ChessBase"]
[SourceDate "2019.06.03"]
[SourceVersion "1"]
[SourceVersionDate "2019.06.03"]
[SourceQuality "1"]
[WhiteTeam "Barcelona Escola Escacs"]
[BlackTeam "Barcelona Escacs CC"]
[WhiteTeamCountry "ESP"]
[BlackTeamCountry "ESP"]

1. e4 c5 2. Nf3 d6 3. Bb5+ Bd7 4. c4 Nf6 5. Nc3 g6 6. d4 a6 7. Bxd7+ Nbxd7 8. a4 cxd4 9. Nxd4 Bg7 10. 0-0 Qb6 11. a5 Qc5 12. Ra4 Nxe4 13. Ne6 fxe6 14. Nxe4 Qf5 15. Ng3 Qf7 16. Rb4 Nc5 17. Rb6 0-0 18. b4 Nd7 19. Rxb7 Ne5 20. Qe2 Rfc8 21. Bg5 Bf6 22. Ne4 Bxg5 23. Nxg5 Qf6 24. Ne4 Qf4 25. Rxe7 Rxc4 26. Nxd6 Rc1 27. Rxe6 Rxf1+ 28. Qxf1 Rd8 29. Rxe5 Rxd6 30. Qe1 Qxe5 0-1

[Event "Catalunya-chT Gp2"]
[Site "Barcelona"]
[Date "2019.02.16"]
[Round "5.3"]
[White "Fluvia Poyatos, Joan"]
[Black "Martin Gonzalez, Angel"]
[Result "0-1"]
[WhiteElo "2475"]
[BlackElo "2336"]
[PlyCount "110"]
[EventDate "2019.01.19"]
[EventType "team-tourn"]
[EventRounds "7"]
[EventCountry "ESP"]
[SourceTitle "CBM 189 Extra"]
[Source "ChessBase"]
[SourceDate "2019.06.03"]
[SourceVersion "1"]
[SourceVersionDate "2019.06.03"]
[SourceQuality "1"]
[WhiteTeam "Sant Josep de Badalona"]
[BlackTeam "Barcelona Escacs CC"]
[WhiteTeamCountry "ESP"]
[BlackTeamCountry "ESP"]

1. e4 c5 2. Nf3 d6 3. d4 cxd4 4. Nxd4 Nf6 5. Nc3 g6 6. Be3 Bg7 7. f3 Nc6 8. Bc4 0-0 9. Qd2 Bd7 10. 0-0-0 Rc8 11. Bb3 Nxd4 12. Bxd4 b5 13. Nd5 Nxd5 14. Bxg7 Kxg7 15. exd5 a5 16. a4 bxa4 17. Bxa4 Bxa4 18. Qd4+ Kg8 19. Qxa4 Rc5 20. Rhe1 Qc7 21. Re4 Rb8 22. Rde1 Qb6 23. Qa2 Rbc8 24. c3 Kf8 25. Kc2 R8c7 26. Rd1 Rb5 27. Rdd4 a4 28. h4 h5 29. Rf4 Rb7 30. Rb4 Qf2+ 31. Kd3 Qf1+ 32. Kd2 Qxg2+ 33. Ke3 Qg1+ 34. Ke2 Qc5 35. Rfc4 Rxb4 36. cxb4 Qb5 37. Kf2 Kg7 38. Re4 Rc7 39. Re2 Qxb4 40. Kg3 Qd4 41. b3 axb3 42. Qxb3 Rc4 43. Qb2 Qxb2 44. Rxb2 Rd4 45. Rb5 Kf6 46. Ra5 Rd2 47. Kf4 Rh2 48. Kg3 Re2 49. Ra3 Ke5 50. Rd3 f5 51. Rd1 Re3 52. Kf2 f4 53. Rg1 Rd3 54. Rg5+ Kf6 55. Kg2 Re3 0-1